ਕੋਸ਼ਕਾਰੀ ਅਤੇ ਪੰਜਾਬੀ ਕੋਸ਼ਕਾਰੀ (Record no. 1434891)

MARC details
000 -LEADER
fixed length control field 00785nam a22001937a 4500
005 - DATE AND TIME OF LATEST TRANSACTION
control field 20250826142523.0
008 - FIXED-LENGTH DATA ELEMENTS--GENERAL INFORMATION
fixed length control field 250826b |||||||| |||| 00| 0 eng d
037 ## - SOURCE OF ACQUISITION
Terms of availability REF
040 ## - CATALOGING SOURCE
Original cataloging agency AL
Transcribing agency AL
084 ## - COLON CLASSIFICATION NUMBER
Classification number P153:4 P9(RR)
Assigning agency AL
100 ## - MAIN ENTRY--PERSONAL NAME
Personal name ਖਹਿਰਾ , ਦਲਜੀਤ ਸਿਂਘ
9 (RLIN) 818925
245 ## - TITLE STATEMENT
Title ਕੋਸ਼ਕਾਰੀ ਅਤੇ ਪੰਜਾਬੀ ਕੋਸ਼ਕਾਰੀ
260 ## - PUBLICATION, DISTRIBUTION, ETC.
Place of publication, distribution, etc. ਚੰਡੀਗਢ, ਭਾਰਤ:
Name of publisher, distributor, etc. ਲੋਕਗੀਤ ਪ੍ਰਕਾਸ਼ਨ,
Date of publication, distribution, etc. 2009
300 ## - PHYSICAL DESCRIPTION
Extent 304 ਪ.
365 ## - TRADE PRICE
Price amount 300.00
Currency code INR
650 ## - SUBJECT ADDED ENTRY--TOPICAL TERM
Source of heading or term ਪੰਜਾਬੀ ਭਾਸ਼ਾ
942 ## - ADDED ENTRY ELEMENTS (KOHA)
Source of classification or shelving scheme Colon Classification (CC)
Koha item type Reference
Classification part P153:4 P9(RR)
Suppress in OPAC No
Holdings
Withdrawn status Lost status Source of classification or shelving scheme Damaged status Not for loan Home library Current library Date acquired Source of acquisition Cost, normal purchase price Inventory number Total Checkouts Full call number Barcode Date last seen Price effective from Koha item type
    Colon Classification (CC)     Arts Library Arts Library 2025-08-26 H.K. Prakashan 300.00 168 & 21-10-2009   P153:4 P9(RR) AL1483203 2025-08-26 2025-08-26 Reference
Copyright @ Delhi University Library System